000 00760nam a22002057a 4500
999 _c13242
_d13242
003 AR-CdUCM
008 190411b ||||| |||| 00| 0 spa d
040 _aMUNICIPALIDAD PROVINCIAL DEL CUSCO
_cBIBLIOTECA MUNICIPAL DEL CUSCO
082 _aC / 340.4 /
_bC33
100 _aCavero Alosilla, Wáshington J.
_931545
245 _aNotas jurídicas /
260 _aCuzco :
_bH. G. Rozas,
_c1962.
300 _a259 páginas ;
_c21.5 cm.
505 _aContenido: El abogado y el juez -- El escribano y el secretario judicial -- Los menores delincuentes y la ley -- La celeridad y el termino en lasa instrucciones ...
650 _aPoder judicial
_96955
650 _aDecretos
_97384
650 _aLeyes
_94808
942 _2ddc
_cLIBROS
945 _aacv
_d2019-04-11